Name the 7 Universal Emotions (photo version) - Statistics

General Stats
  • This quiz has been taken 18 times
  • The average score is 6 of 7
Answer Stats
Picture Answer % Correct
ANGER
94%
ENJOYMENT
94%
SADNESS
94%
DISGUST
88%
FEAR
88%
SURPRISE
75%
CONTEMPT
31%
No matching quizzes found
Score Distribution
Percent of People with Each Score
Percentile by Number Answered
Your Score History
You have not taken this quiz